| 000 | 00754nam a2200253Ia 4500 | ||
|---|---|---|---|
| 003 | OSt | ||
| 005 | 20220928125827.0 | ||
| 006 | a|||||r|||| 00| 0 | ||
| 007 | ta | ||
| 008 | 220927b |||||||| |||| 00| 0 eng d | ||
| 020 | _cINR 299.00 | ||
| 024 | _a133962 | ||
| 037 |
_b0283, 08/03/2017, Bookwell Publications _cTextual |
||
| 040 |
_aSDCL _cSDCL _beng |
||
| 041 |
_2eng _aeng |
||
| 082 | _aO-,3, M6.2 LR | ||
| 100 | _aDoyle Sir Arthur Conan | ||
| 245 | 0 | _aSherlock holmes (Vol.2) | |
| 260 |
_aNew York _b Bantam Classic _c1902 |
||
| 300 |
_axviii,737p. _ccm. |
||
| 650 | _aReference | ||
| 942 |
_hO-,3, M6.2 LR _cTEXL _2CC |
||
| 999 |
_c784198 _d784198 |
||